Capitals Ending in City - Statistics

General Stats
  • This quiz has been taken 202 times
  • The average score is 3 of 5
Answer Stats
Answer % Correct
Mexico City
90%
Panama City
73%
Guatemala City
68%
Vatican City
65%
Kuwait City
54%
No matching quizzes found
Score Distribution
Percent of People with Each Score
Percentile by Number Answered
Your Score History
You have not taken this quiz